000 00466nam a22001937a 4500
003 MPLRDC
005 20220104192911.0
008 210129b ||||| |||| 00| 0 eng d
020 _a978-986-173-967-0
082 _a848.4 MY-19
100 _a莫言
245 _a老枪.宝刀
_c
250 _a二版一刷
260 _a台湾
_b麦田出版
_c2013
300 _b
490 _a莫言作品集: 12
650 _a现代别集
942 _cBK
_o848.4 MY-19
999 _c64929
_d64919